LEADER 01274nam a2200253 i 4500 001 000000149622 003 CaOOAMICUS 005 20060426000000.0 008 060426s2000 it u000 u ita u 013 $a126946 040 $aSeMil$bita 100 1 $aJeczen, Jaroslaw J.$0(OLS)http://semarc/name/59057 245 10$aPersona e morale :$bmorale come il compimento della persona in Giovanni Paolo 2. : Dissertatio ad Doctoruatum in Theologia morali consequendum /$cJaroslaw J. Jeczen. 260 $aRomae :$b[s.n.],$c2000. 300 $a425 p. ;$c24 cm. 500 $aContiene : Bibliografia. - Dono del card. Dionigi Tettamanzi. 650 4$aGiovanni Paolo II - Morale.$0(OLS)http://semarc/subject/29238 650 4$aGiovanni Paolo II - Persona.$0(OLS)http://semarc/subject/29239 850 $aSeMil 852 $aSeMil$W1$xVenegono$y1$m2I V 567$j101823$B101823$CSeMilBibl$Z2$F110986 $81 941 1 $a5 961 $aOmaggio: Tettamanzi Card. Dionigi 996 $6245$aPersona e morale :$bmorale come il compimento della persona in Giovanni Paolo 2. : Dissertatio ad Doctoruatum in Theologia morali consequendum$9(OLS)http://semarc/title/218690 996 $6260$aRomae :$b[s.n.]$9(OLS)http://semarc/publisher/29812 LEADER 00883nam a2200217 4500 001 000000362390 003 CaOOAMICUS 005 20250408085254.0 008 250331s1991 it 000 u ita r 040 $aSeMil$bita 100 1 $aZanfarino, Antonio.$0(OLS)http://semarc/name/35028 245 13$aIl pensiero politico dall'umanesimo all'illuminismo /$cAntonio Zanfarino. 264 1$aNapoli :$bMorano,$c1991. 300 $a491 p. ;$c24 cm 650 4$aPolitica - Teorie - Sec. 15.-18.$0(OLS)http://semarc/subject/57412 850 $aSeMil 852 $aSeMil$W1$xVenegono$y1$m2G VI 24$j255848$B253303$CSeMilBibl$Z2$F253303 $81 961 $aBuzzi mons. Franco - Omaggio 996 $6245$aIl pensiero politico dall'umanesimo all'illuminismo$9(OLS)http://semarc/title/453286 996 $6264$aNapoli :$bMorano$9(OLS)http://semarc/publisher/31687